000 00317nam a2200121Ia 4500
008 220204s9999 xx 000 0 und d
082 _a624
_bSCH
100 _aSchwartz, Max
245 0 _aCivil engineering for the plant engineer
260 _aNew York
_bMcGraw Hill
_c1972
650 _aCivil engineering
942 _cBK
999 _c25680
_d25680